The social value of public spaces (Record no. 106918)

MARC details
000 -LEADER
fixed length control field 01005cad a22002055a 4500
001 - CONTROL NUMBER
control field L137894
008 - FIXED-LENGTH DATA ELEMENTS--GENERAL INFORMATION
fixed length control field 110623e20070424xxko f 000 0 eng d
035 ## - SYSTEM CONTROL NUMBER
System control number (Sirsi) u137894
041 0# - LANGUAGE CODE
Language code of text/sound track or separate title eng
100 1# - MAIN ENTRY--PERSONAL NAME
Personal name Worpole, Ken
245 04 - TITLE STATEMENT
Title The social value of public spaces
260 ## - PUBLICATION, DISTRIBUTION, ETC.
Place of publication, distribution, etc. York
Name of publisher, distributor, etc. Joseph Rowntree Foundation
Date of publication, distribution, etc. 2007
520 ## - SUMMARY, ETC.
Summary, etc. Examines the role of public spaces in community life, and the way people use them. Assesses urban spaces, markets, parks, allotments and privately owned public amenities. Finds that some attempts to reduce crime by sparse design may have a detrimental effect. Warns that planners should consider existing public attachment to existing spaces.
590 ## - LOCAL NOTE (RLIN)
Local note KA
651 #4 - SUBJECT ADDED ENTRY--GEOGRAPHIC NAME
Geographic name United Kingdom
Chronological subdivision
690 ## - LOCAL SUBJECT ADDED ENTRY--TOPICAL TERM (OCLC, RLIN)
Topical term or geographic name as entry element ENVIRONMENTAL AND LAND CONSULTANCY-PLANNING AND DEVELOPMENT-USE REQUIREMENTS
700 1# - ADDED ENTRY--PERSONAL NAME
Personal name Knox, Katharine
856 40 - ELECTRONIC LOCATION AND ACCESS
Uniform Resource Identifier <a href="https://www.jrf.org.uk/sites/files/jrf/2050-public-space-community.pdf">https://www.jrf.org.uk/sites/files/jrf/2050-public-space-community.pdf</a>
Public note View the item free of charge at www.jrf.org.uk
942 ## - ADDED ENTRY ELEMENTS (KOHA)
Suppress in OPAC 0
Holdings
Withdrawn status Lost status Source of classification or shelving scheme Damaged status Not for loan Home library Current library Shelving location Date acquired Total Checkouts Full call number Barcode Date last seen Copy number Price effective from Koha item type
    Dewey Decimal Classification     Virtual Virtual Online 04/05/2007   ONLINE PUBLICATION 137894-1001 06/08/2019 1 06/08/2019 Book